| 000 | 00619cam a22001815a 4500 | ||
|---|---|---|---|
| 001 | L154755 | ||
| 008 | 120117s1989 xxk f 000 0 eng d | ||
| 035 | _a(Sirsi) u154755 | ||
| 041 | 0 | _aeng | |
| 100 | 1 | _aBeckett, Alan Scott | |
| 245 | 0 | 0 | _aProject management problems in the refurbishment of existing shopping centres |
| 260 |
_a[S.l.] _b[the author] _c[1989?] |
||
| 300 |
_a58p. _bspiral bound _c30cm. |
||
| 520 | _aA dissertation submitted to the College of Estate Management as part of an RICS Diploma in Project Management. | ||
| 651 | 4 |
_aUnited Kingdom _y |
|
| 690 |
_aProject management _96261 |
||
| 942 | _n0 | ||
| 999 |
_c113131 _d113131 |
||